Car Logos Quiz - Statistics

General Stats
  • This quiz has been taken 132 times
  • The average score is 13 of 15
Answer Stats
Picture Answer % Correct
Mercedes Benz
98%
Toyota
97%
Tesla
96%
Volkswagen
96%
Audi
95%
Chevrolet
93%
Subaru
92%
Mitsubishi
90%
Renault
81%
Opel
80%
Seat
79%
Acura
78%
Buick
76%
Pontiac
66%
Daihatsu
41%
No matching quizzes found
Score Distribution
Percent of People with Each Score
Percentile by Number Answered
Your Score History
You have not taken this quiz